000
00279nam a22001217a 4500
999
_c
155412
_d
155412
082
_a
_b
100
_a
Narayana Guru
245
_a
Sampoorna krithikal:
_b
Sri Narayana Guru/
_c
by Narayana Guru.
260
_a
_b
Narayana,
_c
2009.
300
_a
238p.
650
_a
942
_c
BK